000 00495cam a2200181ua 4500
001 1127
008 110428n ii |||gr||||Z||||||eng
040 _cMAIN
082 _a330.1543
245 1 _aEconometrics and mathematical economics
_cby S.P. Singh
250 _a6th.
260 _aNew Delhi:
_bS.Chand & company ltd.,997.
300 _aviii, 415p.:
_bill.;
_c20cm.
653 _aEconomics
653 _aEconometrics & mathematical economics
700 _aSingh, S.P.,
_eAuthor.
942 _cBK
999 _c1040
_d1040